000 00314nam a22001337a 4500
008 170609b xxu||||| |||| 00| 0 eng d
020 _a9780691089171
041 _aeng
080 _a327
100 _a19
101 _aSHP
245 _aPOST COMUNISM AND THE THEORY DEMOCRACY
_cANDERSON.R.D
942 _2udc
_cBK
999 _c16669
_d16669